| 000 | 00455nam a2200181Ia 4500 | ||
|---|---|---|---|
| 008 | 180424s9999 xx 000 0 und d | ||
| 020 | _a30559804 | ||
| 084 | _a401 D3 | ||
| 100 | _a"Dinneen, Francis P" | ||
| 245 | 0 | _aIntroduction to General Linguistics | |
| 250 | _a\\196600ENGGPSX | ||
| 260 | _aHolt Rinehart and Winston | ||
| 260 | _b1966 | ||
| 260 | _cNew York | ||
| 300 | _axi+452p | ||
| 500 | _aincludes index and biblioraphy | ||
| 942 | _cBK | ||
| 999 |
_c27928 _d27928 |
||